000 00735nam a2200229Ii 4500
003 JO-AjNU
008 230605s9999||||xx |||||||||||||| ||und||
017 _a2004/6/1529
020 _a9957-24-163-X
040 _aJO-AjNU
_bara
_erda
_cJO-AjNU
041 _aara
050 1 4 _aG80.H2782 2005
100 3 _aالهيتي، صبري فارس,
_eauthor
_919906
245 0 0 _aالفكر الجغرافي: نشأته ومناهجه
250 _aط1
264 3 1 _aعمان: دار صفاء، 2005
300 _a163ص
336 _atext
_btxt
_2rdacontent
337 _aunmediated
_bn
_2rdamedia
338 _avolume
_bnc
_2rdacarrier
650 4 _aالجغرافيا-تاريخ- الجغرافيا-فلسفة ومناهج بحث
_919907
999 _aA6653
_c10221
_d10221